LEADER 01156nam0 22002771i 450 001 SUN0012336 005 20051028120000.0 010 $a84-8102-191-1 100 $a20030205d1998 |0spac50 ba 101 $aspa 102 $aES 105 $a|||| ||||| 200 1 $aSistema juridico y derecho romano$ela idea de sistema juridico y su proyeccion en la experiencia juridica romana$fFrancisco Cuena Boy 210 $aSantander$cUniversidad de Cantabria, Servicio de Publicaciones$d1998 215 $a176 p.$d23 cm. 606 $aDiritto romano$2FI$3SUNC001263 620 $dSantander$3SUNL000905 676 $a340.12$v21 700 1$aCuena Boy$b, Francisco J.$3SUNV009177$0230967 712 $aUniversidad de Cantabria$3SUNV003895$4650 801 $aIT$bSOL$c20181109$gRICA 912 $aSUN0012336 950 $aUFFICIO DI BIBLIOTECA DEL DIPARTIMENTO DI GIURISPRUDENZA$d00 CONS XVIII.Ca.35 $e00 14543 995 $aUFFICIO DI BIBLIOTECA DEL DIPARTIMENTO DI GIURISPRUDENZA$h14543$kCONS XVIII.Ca.35$op$qa 996 $aSistema juridico y derecho romano$91430040 997 $aUNICAMPANIA LEADER 01331nam 2200337 a 450 001 9910702369503321 005 20121127145738.0 035 $a(CKB)5470000002426462 035 $a(OCoLC)819423553 035 $a(EXLCZ)995470000002426462 100 $a20121127d2012 ua 0 101 0 $aeng 135 $aurmn||||||||| 181 $ctxt$2rdacontent 182 $cc$2rdamedia 183 $acr$2rdacarrier 200 10$aHomeland Security$b[electronic resource] $eDHS has enhanced procurement oversight efforts, but needs to update guidance : report to the Subcommittee on Oversight, Investigations, and Management, Committee on Homeland Security, House of Representatives 210 1$a[Washington, D.C.] :$cU.S. Govt. Accountability Office,$d[2012] 215 $a1 online resource (ii, 25 pages) $ccolor illustrations 300 $aTitle from PDF title screen (viewed Nov. 26, 2012). 300 $a"September 2012." 300 $a"GAO-12-947." 320 $aIncludes bibliographical references. 517 $aHomeland Security 712 02$aUnited States.$bCongress.$bHouse.$bCommittee on Homeland Security.$bSubcommittee on Oversight, Investigations, and Management. 801 0$bGPO 801 1$bGPO 906 $aBOOK 912 $a9910702369503321 996 $aHomeland Security$91686681 997 $aUNINA